000 00463nam a2200181Ia 4500
001 8034
005 20260306160539.0
008 260306t2013||||xx |||||||||||||| ||spa||
041 _aESP
082 _a370.1
_bC75 V. 4
100 _aRey de Castro, Alejandro
_eAUT
245 0 _aLa transición:
_bde súbditos a ciudadanos, 1781-1826
260 _c2013
300 _axvii, 323 páginas :
_c26 cm.
650 _aGEN
654 _aCED
942 _cLIB
_dJUS
_fJUS
_2ddc
_n
999 _c8034
_d8034